Nádherné mládí

Bibliographic Details
Main Author: Fischer, I. (Author)
Other Authors: Pajer, Alan 1948- (gup)
Format: Article
Language:Czech
PhysicalDescription:Fot. 1.
Subjects:

MARC

LEADER 00000nab a2200000 a 4500
001 vtls000147105
003 SK-MaSNL
005 20260304183036.0
008 160202c1983 xo 0 cze
015 |a SNBRB19rr/mm-uuuuu 
035 |a CL0157212 
040 |a SNKBUCL  |b slo  |c SNKBUCL  |e AACR2 
041 0 |a cze 
044 |a xo  |c SK 
080 |a 885.0-1=850  |2 1981 
100 1 |a Fischer, I.  |4 aut  |9 510210 
245 1 0 |a Nádherné mládí  |c I. Fischer ; A. Pajer 
300 |b Fot. 1. 
650 0 7 |a populárne piesne  |2 snkbucl  |9 3446 
655 7 |a články z novín a časopisov  |2 snkbucl  |9 267496 
655 7 |a články z odboru literárna veda a krásna literatúra  |2 snkbucl  |9 770045 
700 1 |a Pajer, Alan  |d 1948-  |4 gup  |9 236410 
773 0 |t Svet socializmu  |g Č. 4 (1983), s. /32/ 
850 |a Slovenská národná knižnica v Martine  |a MTA001 
852 |a SNK  |b KIS3GCP 
958 |a RK 
958 |a CZ 
958 |a LX 
958 |a SK 
992 |a RBX 
999 |c 3032821  |d 3034751